000
00332nam a2200145Ia 4500
005
20251222144732.0
008
251222s9999||||xx |||||||||||||| ||spa||
020
_a
9789707704022
082
_a
332.024.008.2/K58
100
_a
Kiyosaki, Kim
245
0
_a
Mujer Millonaria
250
_a
1ra.ed.
264
_b
Aguilar
942
_c
LIB
999
_c
18634
_d
18634